Дело по указу Правительствующего Сената о несправедливом будто бы присуждении к ссылке в Саратовскую губернию исключенного из ду...

Доступно только в Электронных читальных залах Найти на картеНа карте
RUSMARC
00003746nmc2a22000003x 450
001386c025b-0ac6-4710-9634-7127f998c38e
00520180709131857.0
100##$a20161003l18491851k l0rusy0189 ca
1010#$arus
102##$aRU
2001#$aДело по указу Правительствующего Сената о несправедливом будто бы присуждении к ссылке в Саратовскую губернию исключенного из духовного звания Николая Лебедева
$j1 ноября 1849 г. - 12 мая 1851 г.
251##$cДело
300##$aДело
801#0$aRU
$bРГИА
$c20161003
$gRCR
801#1$aRU
$bГлавНИВЦ
$c20161003
$2rusmarc
801#2$aRU
$bПБ им. Б.Н. Ельцина
$c20180709
$gRCR
$2rusmarc
850##$aРГИА
852##$aРГИА
$eФедеральное казенное учреждение "Российский государственный исторический архив" (РГИА)
$j1251
937##$hРГИА
$d12215787
$aASBIBLIO_SCAN
462#0$10011f2612a5-dcc7-4853-9c3b-606260869072
$12001
$a1848-1849 гг. Дела Департамента полиции исполнительной МВД за 1849 г.
$1251
$cОпись
$1852
$j11
461#0$10013e300ed0-cd39-49af-8489-5ba5b90fa401
$12001
$aДепартамент полиции исполнительной МВД
$1251
$cФонд
$1852
$j1286
215##$a20 л.
$d36,5х26 см
371##$aДокумент не является опубликованным и широко распространяемым
105##$ay###
1222#$ad
035##$a386c025b-0ac6-4710-9634-7127f998c38e
856##$uhttp://readingroom.main.prlib.ru/item.aspx?id_node=n116894430&mode=full
Формат отображения